[Event "Is Bankasi Online Satranc Turn.13-14 Yas"]
[Site "T#645826Mustafa Kemal"]
[Date "2020.05.08"]
[Round "2"]
[White "Yagizuckan80"]
[Black "Ahmetkeremguve10"]
[Result "1-0"]
[WhiteElo "1762"]
[BlackElo "1620"]
[Annotator "NA RC"]
[PlyCount "39"]
[EventDate "2020.05.08"]
[EventType "swiss (blitz)"]

1. e4 {[%emt 0:00:02]} c5 {[%emt 0:00:05]} 2. Nf3 {[%emt 0:00:01]} d6 {[%emt 0:00:01]} 3. d4 {[%emt 0:00:01]} cxd4 {[%emt 0:00:02]} 4. Nxd4 {[%emt 0:00:01]} Nf6 {[%emt 0:00:01]} 5. Nc3 {[%emt 0:00:01]} g6 {[%emt 0:00:03]} 6. Be3 {[%emt 0:00:02]} Bg7 {[%emt 0:00:02]} 7. f3 {[%emt 0:00:02]} O-O {[%emt 0:00:02]} 8. Bc4 {[%emt 0:00:01]} a6 {[%emt 0:00:02]} 9. Qd2 {[%emt 0:00:02]} b5 {[%emt 0:00:03]} 10. Bb3 {[%emt 0:00:02]} Bd7 {[%emt 0:00:03]} 11. O-O-O {[%emt 0:00:03]} Nc6 {[%emt 0:00:02]} 12. g4 {[%emt 0:00:03]} Rc8 {[%emt 0:00:05]} 13. h4 {[%emt 0:00:03]} Ne5 {[%emt 0:00:04]} 14. h5 {[%emt 0:00:11]} Nc4 {[%emt 0:00:11]} 15. Bxc4 {[%emt 0:00:02]} Rxc4 {[%emt 0:00:02]} 16. hxg6 {[%emt 0:00:08]} fxg6 {[%emt 0:00:02]} 17. e5 {[%emt 0:00:05]} dxe5 {[%emt 0:00:15]} 18. Ne6 {[%emt 0:00:05]} Qc8 {[%emt 0:00:16]} 19. Nxf8 {[%emt 0:00:03]} Bxf8 {[%emt 0:00:04]} 20. g5 {[%emt 0:00:06] Ahmetkeremguve10 terk eder (Lag: Av=0.58s, max=0.9s)} 1-0

[Event "Is Bankasi Online Satranc Turn.13-14 Yas"]
[Site "T#645826Mustafa Kemal"]
[Date "2020.05.08"]
[Round "2"]
[White "Yigitsarpcalli32"]
[Black "Alitutuncu38"]
[Result "1-0"]
[WhiteElo "1755"]
[BlackElo "1620"]
[Annotator "NA RC"]
[PlyCount "83"]
[EventDate "2020.05.08"]
[EventType "swiss (blitz)"]

1. e4 {[%emt 0:00:08]} g6 {[%emt 0:00:03]} 2. Nf3 {[%emt 0:00:02]} Bg7 {[%emt 0:00:02]} 3. Nc3 {[%emt 0:00:02]} d6 {[%emt 0:00:01]} 4. d4 {[%emt 0:00:01]} a6 {[%emt 0:00:01]} 5. Be3 {[%emt 0:00:01]} b5 {[%emt 0:00:02]} 6. Qd2 {[%emt 0:00:05]} Bb7 {[%emt 0:00:04]} 7. a3 {[%emt 0:00:06]} Nd7 {[%emt 0:00:03]} 8. h4 {[%emt 0:00:01]} h6 {[%emt 0:00:02]} 9. Bd3 {[%emt 0:00:24]} Rc8 {[%emt 0:00:08]} 10. O-O-O {[%emt 0:00:33]} c5 {[%emt 0:00:03]} 11. dxc5 {[%emt 0:00:01]} Nxc5 {[%emt 0:00:03]} 12. Bxc5 {[%emt 0:00:01]} Rxc5 {[%emt 0:00:02]} 13. Rhe1 {[%emt 0:00:20]} Qa5 {[%emt 0:00:22]} 14. Ne2 {[%emt 0:00:18]} Qa4 {[%emt 0:00:24]} 15. Qb4 {[%emt 0:00:16]} Qxb4 {[%emt 0:00:16]} 16. axb4 {[%emt 0:00:00]} Rc7 {[%emt 0:00:06]} 17. Kb1 {[%emt 0:00:10]} Nf6 {[%emt 0:00:02]} 18. Nc3 {[%emt 0:00:08]} Ng4 {[%emt 0:00:07]} 19. Nd5 {[%emt 0:00:18]} Bxd5 {[%emt 0:00:05]} 20. exd5 {[%emt 0:00:01]} Nxf2 {[%emt 0:00:03]} 21. Rd2 {[%emt 0:00:02]} Nxd3 {[%emt 0:00:03]} 22. Rxd3 {[%emt 0:00:01]} O-O {[%emt 0:00:01]} 23. c3 {[%emt 0:00:12]} Rc4 {[%emt 0:00:15]} 24. Rxe7 {[%emt 0:00:10]} Rd8 {[%emt 0:00:30]} 25. g3 {[%emt 0:00:02]} Rg4 {[%emt 0:00:06]} 26. Nd2 {[%emt 0:00:01]} Be5 {[%emt 0:00:09]} 27. Rf3 {[%emt 0:00:09]} f5 {[%emt 0:00:07]} 28. Nf1 {[%emt 0:00:05]} Ra8 {[%emt 0:00:18]} 29. Rd7 {[%emt 0:00:08]} a5 {[%emt 0:00:07]} 30. bxa5 {[%emt 0:00:01]} Rxa5 {[%emt 0:00:02]} 31. Rb7 {[%emt 0:00:00]} Kf8 {[%emt 0:00:18]} 32. Kc2 {[%emt 0:00:03]} Ra1 {[%emt 0:00:01]} 33. Ne3 {[%emt 0:00:03]} Rg1 {[%emt 0:00:01]} 34. Nxg4 {[%emt 0:00:02]} Rg2+ {[%emt 0:00:01]} 35. Kb3 {[%emt 0:00:02]} Kg8 {[%emt 0:00:02]} 36. Nxe5 {[%emt 0:00:01]} dxe5 {[%emt 0:00:01]} 37. d6 {[%emt 0:00:01]} e4 {[%emt 0:00:01]} 38. d7 {[%emt 0:00:01]} Rd2 {[%emt 0:00:12]} 39. Rf1 {[%emt 0:00:01]} e3 {[%emt 0:00:02]} 40. Rb8+ {[%emt 0:00:02]} Kf7 {[%emt 0:00:01]} 41. d8=Q {[%emt 0:00:01]} Rxd8 {[%emt 0:00:03]} 42. Rxd8 {[%emt 0:00:00] Zaman (Lag: Av=0.70s, max=1.2s)} 1-0

[Event "Is Bankasi Online Satranc Turn.13-14 Yas"]
[Site "T#645826Mustafa Kemal"]
[Date "2020.05.08"]
[Round "2"]
[White "Umutaydemir42"]
[Black "tunckucuknane94"]
[Result "1-0"]
[WhiteElo "1724"]
[BlackElo "1620"]
[Annotator "NA RC"]
[PlyCount "59"]
[EventDate "2020.05.08"]
[EventType "swiss (blitz)"]

1. e4 {[%emt 0:00:03]} e6 {[%emt 0:00:01]} 2. d4 {[%emt 0:00:04]} d5 {[%emt 0:00:01]} 3. exd5 {[%emt 0:00:00]} exd5 {[%emt 0:00:02]} 4. Bd3 {[%emt 0:00:02]} Nf6 {[%emt 0:00:03]} 5. Nf3 {[%emt 0:00:04]} Bd6 {[%emt 0:00:01]} 6. O-O {[%emt 0:00:02]} O-O {[%emt 0:00:01]} 7. c3 {[%emt 0:00:01]} Bg4 {[%emt 0:00:03]} 8. Nbd2 {[%emt 0:00:02]} Nbd7 {[%emt 0:00:01]} 9. Qc2 {[%emt 0:00:05]} c6 {[%emt 0:00:01]} 10. a4 {[%emt 0:00:03]} Qc7 {[%emt 0:00:01]} 11. h3 {[%emt 0:00:04]} Bh5 {[%emt 0:00:25]} 12. b4 {[%emt 0:00:06]} Bg6 {[%emt 0:00:10]} 13. Bxg6 {[%emt 0:00:08]} fxg6 {[%emt 0:00:02]} 14. Bb2 {[%emt 0:00:02]} Rae8 {[%emt 0:00:21]} 15. Rfe1 {[%emt 0:00:02]} Rxe1+ {[%emt 0:00:15]} 16. Rxe1 {[%emt 0:00:00]} Nb6 {[%emt 0:00:03]} 17. Qc1 {[%emt 0:00:05]} h5 {[%emt 0:00:16]} 18. a5 {[%emt 0:00:03]} Nc4 {[%emt 0:00:02]} 19. Nxc4 {[%emt 0:00:02]} dxc4 {[%emt 0:00:00]} 20. Qc2 {[%emt 0:00:01]} Qf7 {[%emt 0:00:35]} 21. Ng5 {[%emt 0:00:13]} Qc7 {[%emt 0:00:08]} 22. Ne6 {[%emt 0:00:01]} Re8 {[%emt 0:00:21]} 23. Qxg6 {[%emt 0:00:14]} b5 {[%emt 0:00:33]} 24. Kf1 {[%emt 0:00:11]} Qe7 {[%emt 0:00:04]} 25. Bc1 {[%emt 0:00:17]} Nd7 {[%emt 0:00:03]} 26. Bd2 {[%emt 0:00:09]} Nf8 {[%emt 0:00:05]} 27. Nxf8 {[%emt 0:00:02]} Qxf8 {[%emt 0:00:06]} 28. Rxe8 {[%emt 0:00:03]} Qxe8 {[%emt 0:00:11]} 29. Qxe8+ {[%emt 0:00:00]} Kh7 {[%emt 0:00:01]} 30. Qe4+ {[%emt 0:00:01] tunckucuknane94 terk eder (Lag: Av=0.43s, max=0.8s)} 1-0

[Event "Is Bankasi Online Satranc Turn.13-14 Yas"]
[Site "T#645826Mustafa Kemal"]
[Date "2020.05.08"]
[Round "2"]
[White "Aytacaydin76"]
[Black "Faikyigityalci76"]
[Result "1-0"]
[WhiteElo "1689"]
[BlackElo "1620"]
[Annotator "NA RC"]
[PlyCount "153"]
[EventDate "2020.05.08"]
[EventType "swiss (blitz)"]

1. d4 {[%emt 0:00:06]} Nf6 {[%emt 0:00:02]} 2. Nf3 {[%emt 0:00:02]} g6 {[%emt 0:00:01]} 3. Nbd2 {[%emt 0:00:02]} Bg7 {[%emt 0:00:02]} 4. e4 {[%emt 0:00:01]} d6 {[%emt 0:00:02]} 5. Bd3 {[%emt 0:00:01]} O-O {[%emt 0:00:06]} 6. O-O {[%emt 0:00:02]} Nbd7 {[%emt 0:00:14]} 7. c3 {[%emt 0:00:10]} e5 {[%emt 0:00:05]} 8. Re1 {[%emt 0:00:04]} exd4 {[%emt 0:00:18]} 9. cxd4 {[%emt 0:00:03]} Nh5 {[%emt 0:00:06]} 10. Nb3 {[%emt 0:00:05]} c5 {[%emt 0:00:16]} 11. Be3 {[%emt 0:00:46]} b6 {[%emt 0:00:19]} 12. Qc2 {[%emt 0:00:39]} Bb7 {[%emt 0:00:40]} 13. d5 {[%emt 0:00:14]} Ne5 {[%emt 0:00:09]} 14. Nxe5 {[%emt 0:00:13]} Bxe5 {[%emt 0:00:04]} 15. Nd2 {[%emt 0:00:01]} Nf4 {[%emt 0:00:08]} 16. Bxf4 {[%emt 0:00:27]} Bxf4 {[%emt 0:00:02]} 17. Nf3 {[%emt 0:00:01]} Bc8 {[%emt 0:00:14]} 18. h3 {[%emt 0:00:10]} Re8 {[%emt 0:00:09]} 19. Bb5 {[%emt 0:00:02]} Re7 {[%emt 0:00:08]} 20. Qc3 {[%emt 0:00:07]} Be5 {[%emt 0:00:07]} 21. Nxe5 {[%emt 0:00:02]} Rxe5 {[%emt 0:00:00]} 22. f4 {[%emt 0:00:04]} Re7 {[%emt 0:00:09]} 23. Rad1 {[%emt 0:00:03]} a6 {[%emt 0:00:02]} 24. Bc6 {[%emt 0:00:06]} Raa7 {[%emt 0:00:08]} 25. e5 {[%emt 0:00:01]} dxe5 {[%emt 0:00:05]} 26. fxe5 {[%emt 0:00:01]} Bf5 {[%emt 0:00:07]} 27. d6 {[%emt 0:00:02]} Re6 {[%emt 0:00:02]} 28. Bd5 {[%emt 0:00:10]} Qg5 {[%emt 0:00:05]} 29. Bxe6 {[%emt 0:00:05]} fxe6 {[%emt 0:00:00]} 30. d7 {[%emt 0:00:02]} Ra8 {[%emt 0:00:02]} 31. Qf3 {[%emt 0:00:04]} Rd8 {[%emt 0:00:02]} 32. Re2 {[%emt 0:00:04]} Qh6 {[%emt 0:00:03]} 33. Red2 {[%emt 0:00:01]} Qg5 {[%emt 0:00:02]} 34. g4 {[%emt 0:00:02]} Bxg4 {[%emt 0:00:03]} 35. hxg4 {[%emt 0:00:04]} Qxe5 {[%emt 0:00:01]} 36. Rf2 {[%emt 0:00:03]} Kg7 {[%emt 0:00:03]} 37. Qf7+ {[%emt 0:00:01]} Kh6 {[%emt 0:00:02]} 38. Qf4+ {[%emt 0:00:04]} Qxf4 {[%emt 0:00:03]} 39. Rxf4 {[%emt 0:00:00]} Kg7 {[%emt 0:00:03]} 40. Re4 {[%emt 0:00:01]} Kf7 {[%emt 0:00:01]} 41. Rde1 {[%emt 0:00:01]} Ke7 {[%emt 0:00:00]} 42. Rxe6+ {[%emt 0:00:01]} Kxd7 {[%emt 0:00:01]} 43. Re7+ {[%emt 0:00:01]} Kc6 {[%emt 0:00:01]} 44. Rxh7 {[%emt 0:00:01]} Rd2 {[%emt 0:00:02]} 45. Rb1 {[%emt 0:00:07]} Kb5 {[%emt 0:00:03]} 46. Rh6 {[%emt 0:00:01]} g5 {[%emt 0:00:02]} 47. Rg6 {[%emt 0:00:01]} Rd5 {[%emt 0:00:01]} 48. Rf1 {[%emt 0:00:02]} Rd2 {[%emt 0:00:02]} 49. Rf2 {[%emt 0:00:01]} Rd1+ {[%emt 0:00:02]} 50. Kg2 {[%emt 0:00:01]} Ra1 {[%emt 0:00:02]} 51. a3 {[%emt 0:00:02]} a5 {[%emt 0:00:01]} 52. Rxg5 {[%emt 0:00:01]} Ka4 {[%emt 0:00:03]} 53. Rg6 {[%emt 0:00:03]} b5 {[%emt 0:00:02]} 54. Rc6 {[%emt 0:00:03]} c4 {[%emt 0:00:02]} 55. g5 {[%emt 0:00:01]} Rd1 {[%emt 0:00:02]} 56. g6 {[%emt 0:00:01]} Rd7 {[%emt 0:00:02]} 57. Rcf6 {[%emt 0:00:07]} Rg7 {[%emt 0:00:02]} 58. Kf3 {[%emt 0:00:01]} Kb3 {[%emt 0:00:02]} 59. Ke4 {[%emt 0:00:02]} c3 {[%emt 0:00:03]} 60. bxc3 {[%emt 0:00:02]} Kxc3 {[%emt 0:00:01]} 61. Ke5 {[%emt 0:00:01]} Re7+ {[%emt 0:00:02]} 62. Kd6 {[%emt 0:00:01]} Rg7 {[%emt 0:00:02]} 63. Rg2 {[%emt 0:00:01]} Kb3 {[%emt 0:00:03]} 64. Rg3+ {[%emt 0:00:01]} Ka4 {[%emt 0:00:02]} 65. Rf7 {[%emt 0:00:02]} Rg8 {[%emt 0:00:02]} 66. g7 {[%emt 0:00:01]} Rd8+ {[%emt 0:00:02]} 67. Ke7 {[%emt 0:00:05]} Rg8 {[%emt 0:00:03]} 68. Rf8 {[%emt 0:00:01]} Rxg7+ {[%emt 0:00:01]} 69. Rxg7 {[%emt 0:00:02]} Kxa3 {[%emt 0:00:04]} 70. Rg3+ {[%emt 0:00:01]} Ka4 {[%emt 0:00:03]} 71. Rf4+ {[%emt 0:00:01]} b4 {[%emt 0:00:01]} 72. Kd6 {[%emt 0:00:01]} Kb5 {[%emt 0:00:03]} 73. Rgg4 {[%emt 0:00:08]} Ka4 {[%emt 0:00:02]} 74. Kc5 {[%emt 0:00:01]} Ka3 {[%emt 0:00:01]} 75. Kc4 {[%emt 0:00:01]} Ka4 {[%emt 0:00:02]} 76. Rh4 {[%emt 0:00:09]} Ka3 {[%emt 0:00:04]} 77. Kd3 {[%emt 0:00:01] Zaman (Lag: Av=1.06s, max=2.1s) '} 1-0

[Event "Is Bankasi Online Satranc Turn.13-14 Yas"]
[Site "T#645826Mustafa Kemal"]
[Date "2020.05.08"]
[Round "2"]
[White "Abdullahakarca18"]
[Black "Sametcelebi04"]
[Result "0-1"]
[WhiteElo "1620"]
[BlackElo "1620"]
[Annotator "NA RC"]
[PlyCount "34"]
[EventDate "2020.05.08"]
[EventType "swiss (blitz)"]

1. Nf3 {[%emt 0:00:03]} d5 {[%emt 0:00:03]} 2. d4 {[%emt 0:00:02]} Nc6 {[%emt 0:00:03]} 3. e3 {[%emt 0:00:00]} Bg4 {[%emt 0:00:05]} 4. Be2 {[%emt 0:00:02]} e6 {[%emt 0:00:04]} 5. O-O {[%emt 0:00:03]} Nf6 {[%emt 0:00:04]} 6. Nbd2 {[%emt 0:00:02]} Bd6 {[%emt 0:00:07]} 7. c3 {[%emt 0:00:02]} b6 {[%emt 0:00:06]} 8. h3 {[%emt 0:00:02]} Bf5 {[%emt 0:00:11]} 9. g4 {[%emt 0:00:19]} Bg6 {[%emt 0:00:14]} 10. h4 {[%emt 0:00:09]} h6 {[%emt 0:00:03]} 11. h5 {[%emt 0:00:01]} Bh7 {[%emt 0:00:04]} 12. Nh4 {[%emt 0:00:07]} g6 {[%emt 0:00:15]} 13. Bf3 {[%emt 0:00:02]} gxh5 {[%emt 0:00:09]} 14. gxh5 {[%emt 0:00:08]} Nxh5 {[%emt 0:00:24]} 15. Bxh5 {[%emt 0:00:07]} Qxh4 {[%emt 0:00:05]} 16. Nf3 {[%emt 0:00:15]} Rg8+ {[%emt 0:00:03]} 17. Bg4 {[%emt 0:00:10]} Rxg4# {[%emt 0:00:04] (Lag: Av=0.77s, max=1.5s)} 0-1

[Event "Is Bankasi Online Satranc Turn.13-14 Yas"]
[Site "T#645826Mustafa Kemal"]
[Date "2020.05.08"]
[Round "2"]
[White "Abdullahbatura90"]
[Black "Caganbektas16"]
[Result "0-1"]
[WhiteElo "1620"]
[BlackElo "1602"]
[Annotator "NA RC"]
[PlyCount "100"]
[EventDate "2020.05.08"]
[EventType "swiss (blitz)"]

1. e4 {[%emt 0:00:05]} c5 {[%emt 0:00:02]} 2. Nf3 {[%emt 0:00:02]} g6 {[%emt 0:00:02]} 3. d4 {[%emt 0:00:01]} cxd4 {[%emt 0:00:02]} 4. Nxd4 {[%emt 0:00:00]} Bg7 {[%emt 0:00:01]} 5. Nc3 {[%emt 0:00:01]} Nc6 {[%emt 0:00:01]} 6. Be3 {[%emt 0:00:01]} Nf6 {[%emt 0:00:01]} 7. Be2 {[%emt 0:00:01]} O-O {[%emt 0:00:02]} 8. f3 {[%emt 0:00:02]} d5 {[%emt 0:00:02]} 9. Qd2 {[%emt 0:00:16]} e5 {[%emt 0:00:06]} 10. Nxc6 {[%emt 0:00:04]} bxc6 {[%emt 0:00:00]} 11. exd5 {[%emt 0:00:02]} cxd5 {[%emt 0:00:02]} 12. Bf2 {[%emt 0:00:12]} Bb7 {[%emt 0:00:06]} 13. Bg3 {[%emt 0:00:20]} d4 {[%emt 0:00:11]} 14. Nb5 {[%emt 0:00:19]} Nd5 {[%emt 0:00:04]} 15. f4 {[%emt 0:00:10]} e4 {[%emt 0:00:05]} 16. Nxd4 {[%emt 0:00:06]} Qb6 {[%emt 0:00:22]} 17. c3 {[%emt 0:00:07]} e3 {[%emt 0:00:06]} 18. Qc2 {[%emt 0:00:12]} Nb4 {[%emt 0:00:14]} 19. Qb3 {[%emt 0:00:24]} Bxd4 {[%emt 0:00:09]} 20. cxd4 {[%emt 0:00:10]} Qxd4 {[%emt 0:00:03]} 21. Rd1 {[%emt 0:00:04]} Qb6 {[%emt 0:00:10]} 22. h4 {[%emt 0:00:16]} Bxg2 {[%emt 0:00:09]} 23. Rh2 {[%emt 0:00:02]} Be4 {[%emt 0:00:01]} 24. h5 {[%emt 0:00:15]} Nc2+ {[%emt 0:00:02]} 25. Kf1 {[%emt 0:00:07]} Qxb3 {[%emt 0:00:01]} 26. axb3 {[%emt 0:00:01]} Rfd8 {[%emt 0:00:03]} 27. hxg6 {[%emt 0:00:07]} Rxd1+ {[%emt 0:00:36]} 28. Bxd1 {[%emt 0:00:00]} hxg6 {[%emt 0:00:01]} 29. Bxc2 {[%emt 0:00:02]} Bxc2 {[%emt 0:00:06]} 30. Rxc2 {[%emt 0:00:00]} Rb8 {[%emt 0:00:01]} 31. Rc3 {[%emt 0:00:01]} Rd8 {[%emt 0:00:05]} 32. Rxe3 {[%emt 0:00:02]} Rd2 {[%emt 0:00:01]} 33. Re2 {[%emt 0:00:02]} Rd3 {[%emt 0:00:01] Caganbektas16 beraberlik teklif ediyor} 34. b4 {[%emt 0:00:07]} Rxg3 {[%emt 0:00:02]} 35. Kf2 {[%emt 0:00:02]} Rb3 {[%emt 0:00:01]} 36. Re4 {[%emt 0:00:13]} Rxb2+ {[%emt 0:00:01]} 37. Ke3 {[%emt 0:00:02]} Kg7 {[%emt 0:00:01]} 38. Kd4 {[%emt 0:00:01]} Kf6 {[%emt 0:00:04]} 39. Kc5 {[%emt 0:00:03]} Kf5 {[%emt 0:00:02]} 40. Rc4 {[%emt 0:00:03]} Rf2 {[%emt 0:00:05]} 41. Kb5 {[%emt 0:00:04]} Rxf4 {[%emt 0:00:10]} 42. Rxf4+ {[%emt 0:00:02]} Kxf4 {[%emt 0:00:01]} 43. Ka6 {[%emt 0:00:00]} g5 {[%emt 0:00:01]} 44. Kxa7 {[%emt 0:00:01]} g4 {[%emt 0:00:00]} 45. b5 {[%emt 0:00:01]} g3 {[%emt 0:00:00]} 46. b6 {[%emt 0:00:01]} g2 {[%emt 0:00:00]} 47. b7 {[%emt 0:00:13]} g1=Q+ {[%emt 0:00:00]} 48. Ka8 {[%emt 0:00:02]} Qa1+ {[%emt 0:00:02]} 49. Kb8 {[%emt 0:00:01]} f5 {[%emt 0:00:01]} 50. Kc8 {[%emt 0:00:02]} Qb2 {[%emt 0:00:02] Abdullahbatura90 terk eder (Lag: Av=0.76s, max=1.2s)} 0-1

[Event "Is Bankasi Online Satranc Turn.13-14 Yas"]
[Site "T#645826Mustafa Kemal"]
[Date "2020.05.08"]
[Round "2"]
[White "Abdullahefeani74"]
[Black "Emrealtin54"]
[Result "0-1"]
[WhiteElo "1620"]
[BlackElo "1620"]
[Annotator "NA RC"]
[PlyCount "66"]
[EventDate "2020.05.08"]
[EventType "swiss (blitz)"]

1. d4 {[%emt 0:00:02]} d5 {[%emt 0:00:02]} 2. c4 {[%emt 0:00:02]} c6 {[%emt 0:00:02]} 3. cxd5 {[%emt 0:00:02]} cxd5 {[%emt 0:00:00]} 4. Nc3 {[%emt 0:00:01]} Nf6 {[%emt 0:00:02]} 5. Nf3 {[%emt 0:00:01]} Bf5 {[%emt 0:00:01]} 6. Bf4 {[%emt 0:00:01]} Nc6 {[%emt 0:00:03]} 7. e3 {[%emt 0:00:08]} e6 {[%emt 0:00:01]} 8. Bg5 {[%emt 0:00:03]} Be7 {[%emt 0:00:06]} 9. Qb3 {[%emt 0:00:03]} Qc7 {[%emt 0:00:16]} 10. Bb5 {[%emt 0:00:04]} O-O {[%emt 0:00:07]} 11. Bxc6 {[%emt 0:00:06]} Qxc6 {[%emt 0:00:04]} 12. Ne5 {[%emt 0:00:01]} Qc7 {[%emt 0:00:09]} 13. O-O {[%emt 0:00:02]} h6 {[%emt 0:00:08]} 14. Bh4 {[%emt 0:00:03]} Rfc8 {[%emt 0:00:14]} 15. Bg3 {[%emt 0:00:03]} Bd6 {[%emt 0:00:05]} 16. Rac1 {[%emt 0:00:03]} b6 {[%emt 0:00:07]} 17. Nb5 {[%emt 0:00:02]} Qxc1 {[%emt 0:00:04]} 18. Nxd6 {[%emt 0:00:13]} Rc7 {[%emt 0:00:28]} 19. Nxf5 {[%emt 0:00:05]} exf5 {[%emt 0:00:04]} 20. Nd3 {[%emt 0:00:01]} Qc2 {[%emt 0:00:26]} 21. Bxc7 {[%emt 0:00:05]} Qxc7 {[%emt 0:00:02]} 22. Rc1 {[%emt 0:00:02]} Qd7 {[%emt 0:00:05]} 23. Nf4 {[%emt 0:00:05]} Rc8 {[%emt 0:00:04]} 24. Rc3 {[%emt 0:00:07]} Ne4 {[%emt 0:00:13]} 25. Rxc8+ {[%emt 0:00:02]} Qxc8 {[%emt 0:00:01]} 26. Ne2 {[%emt 0:00:15]} Qc6 {[%emt 0:00:29]} 27. Nc3 {[%emt 0:00:08]} g6 {[%emt 0:00:09]} 28. h3 {[%emt 0:00:14]} Kg7 {[%emt 0:00:08]} 29. Nxd5 {[%emt 0:00:27]} Qc1+ {[%emt 0:00:06]} 30. Kh2 {[%emt 0:00:13]} Nxf2 {[%emt 0:00:03]} 31. Nf4 {[%emt 0:00:32]} Qh1+ {[%emt 0:00:04]} 32. Kg3 {[%emt 0:00:08]} Ne4+ {[%emt 0:00:02]} 33. Kf3 {[%emt 0:00:18]} Qf1# {[%emt 0:00:02] (Lag: Av=0.65s, max=1.0s)} 0-1

[Event "Is Bankasi Online Satranc Turn.13-14 Yas"]
[Site "T#645826Mustafa Kemal"]
[Date "2020.05.08"]
[Round "2"]
[White "Alperkusoglu28"]
[Black "Ruzgarbulutaks56"]
[Result "0-1"]
[WhiteElo "1620"]
[BlackElo "1620"]
[Annotator "NA RC"]
[PlyCount "138"]
[EventDate "2020.05.08"]
[EventType "swiss (blitz)"]

1. e4 {[%emt 0:00:03]} c5 {[%emt 0:00:01]} 2. a3 {[%emt 0:00:06]} d6 {[%emt 0:00:02]} 3. b4 {[%emt 0:00:02]} Nf6 {[%emt 0:00:04]} 4. d3 {[%emt 0:00:17]} g6 {[%emt 0:00:06]} 5. Bb2 {[%emt 0:00:02]} Bg7 {[%emt 0:00:01]} 6. Nc3 {[%emt 0:00:07]} a6 {[%emt 0:00:02]} 7. f4 {[%emt 0:00:08]} Nc6 {[%emt 0:00:02]} 8. bxc5 {[%emt 0:00:04]} dxc5 {[%emt 0:00:02]} 9. Nd5 {[%emt 0:00:24]} O-O {[%emt 0:00:17]} 10. Nxf6+ {[%emt 0:00:06]} exf6 {[%emt 0:00:02]} 11. Nf3 {[%emt 0:00:03]} Re8 {[%emt 0:00:03]} 12. Be2 {[%emt 0:00:04]} Qc7 {[%emt 0:00:05]} 13. Qd2 {[%emt 0:00:08]} Be6 {[%emt 0:00:07]} 14. O-O {[%emt 0:00:07]} Rad8 {[%emt 0:00:02]} 15. Qe3 {[%emt 0:00:48]} b6 {[%emt 0:00:19]} 16. Rad1 {[%emt 0:00:07]} Qd6 {[%emt 0:00:21]} 17. g3 {[%emt 0:00:03]} Nd4 {[%emt 0:00:07]} 18. Nxd4 {[%emt 0:00:03]} cxd4 {[%emt 0:00:02]} 19. Qf3 {[%emt 0:00:02]} Qc5 {[%emt 0:00:06]} 20. Rc1 {[%emt 0:00:03]} f5 {[%emt 0:00:07]} 21. e5 {[%emt 0:00:02]} Bd5 {[%emt 0:00:02]} 22. Qf2 {[%emt 0:00:02]} Bb7 {[%emt 0:00:08]} 23. Bf3 {[%emt 0:00:01]} Bxf3 {[%emt 0:00:06]} 24. Qxf3 {[%emt 0:00:01]} f6 {[%emt 0:00:05]} 25. exf6 {[%emt 0:00:05]} Bxf6 {[%emt 0:00:01]} 26. Qb7 {[%emt 0:00:18]} Re2 {[%emt 0:00:20]} 27. Rf2 {[%emt 0:00:08]} Rde8 {[%emt 0:00:11]} 28. Qxa6 {[%emt 0:00:08]} Rxf2 {[%emt 0:00:13]} 29. Kxf2 {[%emt 0:00:00]} Qc6 {[%emt 0:00:17]} 30. Qc4+ {[%emt 0:00:02]} Qxc4 {[%emt 0:00:01]} 31. dxc4 {[%emt 0:00:01]} Rc8 {[%emt 0:00:01]} 32. c3 {[%emt 0:00:05]} dxc3 {[%emt 0:00:03]} 33. Bxc3 {[%emt 0:00:03]} Rxc4 {[%emt 0:00:01]} 34. Bd2 {[%emt 0:00:01]} Ra4 {[%emt 0:00:05]} 35. Rc8+ {[%emt 0:00:04]} Kg7 {[%emt 0:00:03]} 36. Bb4 {[%emt 0:00:01]} Ra7 {[%emt 0:00:07]} 37. Rc6 {[%emt 0:00:04]} Rd7 {[%emt 0:00:05]} 38. Ke2 {[%emt 0:00:06]} Bd4 {[%emt 0:00:03]} 39. Rc4 {[%emt 0:00:06]} Bg1 {[%emt 0:00:01]} 40. Rc6 {[%emt 0:00:01]} Bxh2 {[%emt 0:00:01]} 41. Rxb6 {[%emt 0:00:01]} Bxg3 {[%emt 0:00:00]} 42. Kf3 {[%emt 0:00:05]} Rd3+ {[%emt 0:00:02]} 43. Kg2 {[%emt 0:00:03]} Bxf4 {[%emt 0:00:01]} 44. a4 {[%emt 0:00:04]} Rd4 {[%emt 0:00:03]} 45. a5 {[%emt 0:00:04]} Rd7 {[%emt 0:00:03]} 46. a6 {[%emt 0:00:02]} Ra7 {[%emt 0:00:01]} 47. Bc5 {[%emt 0:00:04]} Ra8 {[%emt 0:00:04]} 48. Rb7+ {[%emt 0:00:02]} Kh6 {[%emt 0:00:05]} 49. a7 {[%emt 0:00:03]} Kg5 {[%emt 0:00:02]} 50. Bb6 {[%emt 0:00:04]} Kf6 {[%emt 0:00:02]} 51. Bc7 {[%emt 0:00:02]} Bxc7 {[%emt 0:00:01]} 52. Rxc7 {[%emt 0:00:00]} h6 {[%emt 0:00:03]} 53. Rh7 {[%emt 0:00:02]} Kg5 {[%emt 0:00:02]} 54. Rb7 {[%emt 0:00:01]} h5 {[%emt 0:00:01]} 55. Kg3 {[%emt 0:00:01]} f4+ {[%emt 0:00:01]} 56. Kf3 {[%emt 0:00:01]} Kf5 {[%emt 0:00:02]} 57. Rf7+ {[%emt 0:00:01]} Ke5 {[%emt 0:00:03]} 58. Re7+ {[%emt 0:00:01]} Kf6 {[%emt 0:00:01]} 59. Rb7 {[%emt 0:00:01]} g5 {[%emt 0:00:02]} 60. Ke4 {[%emt 0:00:04]} h4 {[%emt 0:00:02]} 61. Kf3 {[%emt 0:00:05]} Kg6 {[%emt 0:00:03]} 62. Rb6+ {[%emt 0:00:01]} Kh5 {[%emt 0:00:01]} 63. Rb7 {[%emt 0:00:01]} h3 {[%emt 0:00:01]} 64. Kf2 {[%emt 0:00:02]} Kg4 {[%emt 0:00:01]} 65. Kg1 {[%emt 0:00:04]} Kg3 {[%emt 0:00:01]} 66. Kh1 {[%emt 0:00:03]} f3 {[%emt 0:00:02]} 67. Kg1 {[%emt 0:00:01]} Rd8 {[%emt 0:00:03]} 68. Rb1 {[%emt 0:00:04]} f2+ {[%emt 0:00:03]} 69. Kh1 {[%emt 0:00:03]} Kf3 {[%emt 0:00:02] Zaman (Lag: Av=0.78s, max=1.6s)} 0-1